Pop Music: Songs written by Max Martin - Statistics

General Stats
  • This quiz has been taken 121 times
  • The average score is 12 of 16
Answer Stats
Song Year Artist % Correct
California Gurls 2010 Katy Perry
98%
Baby One More Time 1998 Britney Spears
97%
Shake It Off 2014 Taylor Swift
97%
I Want It That Way 1999 Backstreet Boys
94%
Blinding Lights 2020 The Weeknd
90%
Since U Been Gone 2004 Kelly Clarkson
89%
Can't Stop the Feeling! 2016 Justin Timberlake
86%
Love Me Like You Do 2015 Ellie Goulding
83%
So What 2008 Pink
83%
Problem 2014 Ariana Grande
73%
It's My Life 2000 Bon Jovi
73%
Send My Love (To Your New Lover) 2015 Adele
67%
I Don't Care 2019 Ed Sheeran & Justin Bieber
65%
My Universe 2021 Coldplay & BTS
60%
One More Night 2012 Maroon 5
42%
Whataya Want from Me 2009 Adam Lambert
39%
No matching quizzes found
Score Distribution
Percent of People with Each Score
Percentile by Number Answered
Your Score History
You have not taken this quiz